LEADER 03949nam 22009615 450 001 9910476936503321 005 20190615120916.0 010 $a3-8394-0130-5 024 7 $a10.14361/9783839401309 035 $a(CKB)3710000000482552 035 $a(DE-B1597)461401 035 $a(OCoLC)1013941779 035 $a(OCoLC)958037624 035 $a(DE-B1597)9783839401309 035 $a(EXLCZ)993710000000482552 100 $a20190615d2015 fg 101 0 $ager 135 $aur||||||||||| 181 $ctxt$2rdacontent 182 $cc$2rdamedia 183 $acr$2rdacarrier 200 10$aMuslime im säkularen Rechtsstaat $eIntegrationschancen durch Religionsfreiheit /$fHeiner Bielefeldt 205 $a1. Aufl. 210 1$aBielefeld : $ctranscript-Verlag, $d[2015] 210 4$d©2003 215 $a1 online resource 225 0 $aGlobaler lokaler Islam 327 $tFrontmatter -- $tInhalt -- $tI. Einführung -- $tII. Zur Bestimmung der rechtsstaatlichen Säkularität -- $tIII. Antiliberale Säkularitätskonzepte -- $tIV Muslimische Stimmen zum säkularen Rechtsstaat -- $tV. Streitfragen zur Integration muslimischer Minderheiten -- $tVI. Resümee -- $tVII. Literatur -- $tBackmatter 330 $aIn der Auseinandersetzung um die Präsenz des Islams in Deutschland und anderen europäischen Ländern steht immer auch die Frage zur Debatte, wie Muslime sich zum säkularen Staat verhalten. Auf der Grundlage der Religionsfreiheit rekonstruiert Heiner Bielefeldt zunächst einen freiheitlichen Begriff von rechtsstaatlicher Säkularität. Anschließend diskutiert er verschiedene muslimische Positionen gegenüber dem säkularen Staat, die von kämpferischer Distanzierung über pragmatische Arrangements in der Diaspora bis hin zu theologisch begründeten SäkularisierungsÝ forderungen reichen.Zu den aktuellen Themen, die der Band aufgreift, gehören die Frage, inwieweit Muslime im Rahmen des Grundgesetzes nach der Scharia leben können, sowie die Kontroverse um den islamischen Religionsunterricht. 606 $aHuman Rights 606 $aIslam In Europa 606 $aIslam 606 $aIslamic Studies 606 $aIslamwissenschaft 606 $aMenschenrechte 606 $aMigration 606 $aPolicy 606 $aPolitical Science 606 $aPolitics 606 $aPolitik 606 $aPolitikwissenschaft 606 $aReligionsfreiheit 606 $aSäkularität 606 $3(DE-601)105628948$3(DE-588)4140292-3$aReligiöse Minderheit$2gnd 606 $3(DE-601)105711691$3(DE-588)4129195-5$aRechtsstaat$2gnd 606 $3(DE-601)105742090$3(DE-588)4125186-6$aReligionsfreiheit$2gnd 606 $3(DE-601)106178008$3(DE-588)4051238-1$aSäkularisierung$2gnd 606 $3(DE-601)106221205$3(DE-588)4040921-1$aMuslim$2gnd 606 $aPOLITICAL SCIENCE / Public Policy / General$2bisacsh 610 $aHuman Rights. 610 $aIslam. 610 $aIslamic Studies. 610 $aPolicy. 610 $aPolitical Science. 610 $aPolitics. 615 4$aHuman Rights. 615 4$aIslam In Europa. 615 4$aIslam. 615 4$aIslamic Studies. 615 4$aIslamwissenschaft. 615 4$aMenschenrechte. 615 4$aMigration. 615 4$aPolicy. 615 4$aPolitical Science. 615 4$aPolitics. 615 4$aPolitik. 615 4$aPolitikwissenschaft. 615 4$aReligionsfreiheit. 615 4$aSäkularität. 615 7$aReligiöse Minderheit 615 7$aRechtsstaat 615 7$aReligionsfreiheit 615 7$aSäkularisierung 615 7$aMuslim 615 7$aPOLITICAL SCIENCE / Public Policy / General. 686 $aBE 8607$2rvk 700 $aBielefeldt$b Heiner, $0241967 801 0$bDE-B1597 801 1$bDE-B1597 906 $aBOOK 912 $a9910476936503321 996 $aMuslime im säkularen Rechtsstaat$91928893 997 $aUNINA LEADER 05616nam 2200745Ia 450 001 9910824461203321 005 20200520144314.0 010 $a9786612123221 010 $a9781282123229 010 $a128212322X 010 $a9780470740538 010 $a0470740531 010 $a9780470740545 010 $a047074054X 035 $a(CKB)1000000000748754 035 $a(EBL)437418 035 $a(OCoLC)427565663 035 $a(SSID)ssj0000239023 035 $a(PQKBManifestationID)11175361 035 $a(PQKBTitleCode)TC0000239023 035 $a(PQKBWorkID)10238829 035 $a(PQKB)11709323 035 $a(MiAaPQ)EBC437418 035 $a(Au-PeEL)EBL437418 035 $a(CaPaEBR)ebr10307342 035 $a(CaONFJC)MIL212322 035 $a(Perlego)2774259 035 $a(EXLCZ)991000000000748754 100 $a20090227d2009 uy 0 101 0 $aeng 135 $aur|n|---||||| 181 $ctxt 182 $cc 183 $acr 200 00$aRobust methods in biostatistics /$fStephane Heritier ... [et al.] 205 $a1st ed. 210 $aChichester, West Sussex ;$aHoboken $cJ. Wiley$d2009 215 $a1 online resource (294 p.) 225 1 $aWiley Series in Probability and Statistics ;$vv.825 300 $aDescription based upon print version of record. 311 08$a9780470027264 311 08$a0470027266 320 $aIncludes bibliographical references and index. 327 $aRobust Methods in Biostatistics; Contents; Preface; Acknowledgments; 1 Introduction; What is Robust Statistics?; Against What is Robust Statistics Robust?; Are Diagnostic Methods an Alternative to Robust Statistics? .; How do Robust Statistics Compare with Other Statistical Procedures in Practice?; 2 Key Measures and Results; Introduction; Statistical Tools for Measuring Robustness Properties; The Influence Function; The Breakdown Point; Geometrical Interpretation; The Rejection Point; General Approaches for Robust Estimation; The General Class of M-estimators; Properties of M-estimators 327 $aThe Class of S-estimatorsStatistical Tools for Measuring Tests Robustness; Sensitivity of the Two-sample t-test; Local Stability of a Test: the Univariate Case; Global Reliability of a Test: the Breakdown Functions; General Approaches for Robust Testing; Wald Test, Score Test and LRT; Geometrical Interpretation; General -type Classes of Tests; Asymptotic Distributions; Robustness Properties; 3 Linear Regression; Introduction; Estimating the Regression Parameters; The Regression Model; Robustness Properties of the LS and MLE Estimators; Glomerular Filtration Rate (GFR) Data Example 327 $aRobust EstimatorsGFR Data Example (continued); Testing the Regression Parameters; Significance Testing; Diabetes Data Example; Multiple Hypothesis Testing; Diabetes Data Example (continued); Checking and Selecting the Model; Residual Analysis; GFR Data Example (continued); Diabetes Data Example (continued); Coefficient of Determination; Global Criteria for Model Comparison; Diabetes Data Example (continued); Cardiovascular Risk Factors Data Example; 4 Mixed Linear Models; Introduction; The MLM; The MLM Formulation; Skin Resistance Data; Semantic Priming Data; Orthodontic Growth Data 327 $aClassical Estimation and InferenceMarginal and REML Estimation; Classical Inference; Lack of Robustness of Classical Procedures; Robust Estimation; Bounded Influence Estimators; S-estimators; MM-estimators; Choosing the Tuning Constants; Skin Resistance Data (continued); Robust Inference; Testing Contrasts; Multiple Hypothesis Testing of the Main Effects; Skin Resistance Data Example (continued); Semantic Priming Data Example (continued); Testing the Variance Components; Checking the Model; Detecting Outlying and Influential Observations; Prediction and Residual Analysis; Further Examples 327 $aMetallic Oxide DataOrthodontic Growth Data (continued); Discussion and Extensions; 5 Generalized Linear Models; Introduction; The GLM; Model Building; Classical Estimation and Inference for GLM; Hospital Costs Data Example; Residual Analysis; A Class of M-estimators for GLMs; Choice of ? and w(x); Fisher Consistency Correction; Nuisance Parameters Estimation; IF and Asymptotic Properties; Hospital Costs Example (continued); Robust Inference; Significance Testing and CIs; General Parametric Hypothesis Testing and Variable Selection; Hospital Costs Data Example (continued) 327 $aBreastfeeding Data Example 330 $aRobust statistics is an extension of classical statistics that specifically takes into account the concept that the underlying models used to describe data are only approximate. Its basic philosophy is to produce statistical procedures which are stable when the data do not exactly match the postulated models as it is the case for example with outliers. Robust Methods in Biostatistics proposes robust alternatives to common methods used in statistics in general and in biostatistics in particular and illustrates their use on many biomedical datasets. The methods introduced include robust 410 0$aWiley Series in Probability and Statistics 606 $aBiometry$xStatistical methods 606 $aBiomathematics 615 0$aBiometry$xStatistical methods. 615 0$aBiomathematics. 676 $a570.1/5195 676 $a570.15195 701 $aHeritier$b Stephane$0432026 801 0$bMiAaPQ 801 1$bMiAaPQ 801 2$bMiAaPQ 906 $aBOOK 912 $a9910824461203321 996 $aRobust methods in biostatistics$93927291 997 $aUNINA